Stupeň krytia potreby tepla na ohrev teplej vody pomocou solárnych kolektorov

Gespeichert in:
Bibliographische Detailangaben
1. Verfasser: Kúdela, Michal, 1992- (Verfasst von)
Weitere Verfasser: Záležáková, Lucia, 1979- (Betreuung Doktorarbeit)
Format: Manuskript Buch
Sprache:Slowakisch
Veröffentlicht: Bratislava : STU v Bratislave SjF, 2014
Schlagworte:
Online-Zugang:VAIS
Tags: Tag hinzufügen
Keine Tags, Fügen Sie das erste Tag hinzu!

MARC

LEADER 00000ntm a22000003a 4500
001 stu295703
005 20150617230318.6
008 140823s2014----xo------------------slo-d
040 |a STU  |b slo 
041 0 |a slo 
044 |a xo 
100 1 |a Kúdela, Michal,  |d 1992-  |4 aut  |u J  |T SjF Strojnícka fakulta  |X 9527  |U J  |Y 20  |7 A000009527 
242 0 0 |a Degree of protection necessary to heat of hot water by solar collectors  |y eng 
245 1 |a Stupeň krytia potreby tepla na ohrev teplej vody pomocou solárnych kolektorov  
260 |a Bratislava :  |b STU v Bratislave SjF,  |c 2014 
650 7 |a energetické strojárstvo  |2 stusub 
650 7 |a Power Engineering  |2 estusub 
650 7 |a solárny kolektor  |2 stusub 
700 1 |a Záležáková, Lucia,  |d 1979-  |4 ths  |u J270  |U SjF Ústav tepelnej energetiky  |T SjF Katedra tepelnej techniky  |X 2260  |U J270  |Y 51  |7 A000002260 
856 4 |a info a plný text  |u http://is.stuba.sk/zp/portal_zp.pl?podrobnosti=89800  |3 VAIS 
996 |b 284J044240  |c J*1731/BP  |l JJSK  |s A  |a 24  |w stu295703_0001